000
00310nam a22001337a 4500
008
181005b xxu||||| |||| 00| 0 eng d
020
_a
9780415089098
041
_a
eng
080
_a
101
100
_a
24
101
_a
FIL
245
_a
Philosophy & Theology in the Middle Ages
_c
Evans, G.R
942
_2
udc
_c
BK
999
_c
48898
_d
48898